Contabilidad regularmente llevada (Registro nro. 11596)

Detalles MARC
000 -LEADER
fixed length control field 00297 a2200109 4500
001 - CONTROL NUMBER
control field ART_6873
005 - DATE AND TIME OF LATEST TRANSACTION
control field 20260410161621.0
008 - FIXED-LENGTH DATA ELEMENTS--GENERAL INFORMATION
fixed length control field 260409a
100 1# - MAIN ENTRY--PERSONAL NAME
Personal name Piñeiro, Horacio
245 10 - TITLE STATEMENT
Title Contabilidad regularmente llevada
773 0# - HOST ITEM ENTRY
Title Enfoques
Related parts - Nº 10 (oct. 2010)
Record control number REV416

No hay ítems disponibles.